| 000 | 00910nam a2200277Ia 4500 | ||
|---|---|---|---|
| 001 | Para_6192 | ||
| 003 | CHAP | ||
| 008 | 220125s1973 xx 000 0 und d | ||
| 010 | _a204812 | ||
| 040 | _cCHAP | ||
| 090 | _aPA FOLLETO 305 | ||
| 100 |
_aGarcía Bernal, Antonio _945772 |
||
| 245 |
_aComo superar los rendimientos de soya en el Distrito de Riego 05 de Cd. Delicias, Chih. / _c por Antonio García Bernal |
||
| 260 |
_aChapingo, Méx. : _b INIA. Campo Agrícola Experimental Delicias |
||
| 300 | _a13 p. | ||
| 440 |
_aCircular CIANE;54 _9170763 |
||
| 650 |
_aSoya _x rendimiento _x Delicias, Chih. _9170764 |
||
| 710 |
_aInstituto Nacional de Investigaciones Agrícolas (México). CIANE _9169566 |
||
| 901 | _aPA FOLLETO 305 | ||
| 902 | _aA | ||
| 905 | _a0000001973 a 0000000000 00 | ||
| 910 | _a1973 | ||
| 942 | _cPARA | ||
| 942 |
_cPARA _d1 |
||
| 999 |
_c204812 _d204812 |
||